LEADER 01512nam 2200469Ia 450 001 9910793056303321 005 20200520144314.0 010 $a0-8389-9366-4 035 $a(CKB)3710000001409265 035 $a(MiAaPQ)EBC3001575 035 $a(Au-PeEL)EBL3001575 035 $a(CaPaEBR)ebr10179770 035 $a(OCoLC)923563449 035 $a(EXLCZ)993710000001409265 100 $a20030219d2003 uy 0 101 0 $aeng 135 $aurcn||||||||| 181 $ctxt$2rdacontent 182 $cc$2rdamedia 183 $acr$2rdacarrier 200 10$aFirst have something to say$b[electronic resource] $ewriting for the library profession /$fWalt Crawford 210 $aChicago $cAmerican Library Association$d2003 215 $a1 online resource (152 pages) 311 $a0-8389-0851-9 320 $aIncludes bibliographical references (p. 135), webography and index. 606 $aLibrary science$xAuthorship 606 $aLibrary science literature$xPublishing 606 $aCommunication in library science 606 $aAuthorship$xMarketing 615 0$aLibrary science$xAuthorship. 615 0$aLibrary science literature$xPublishing. 615 0$aCommunication in library science. 615 0$aAuthorship$xMarketing. 676 $a808/.06602 700 $aCrawford$b Walt$0867326 801 0$bMiAaPQ 801 1$bMiAaPQ 801 2$bMiAaPQ 906 $aBOOK 912 $a9910793056303321 996 $aFirst have something to say$93685281 997 $aUNINA